000
00289nam a22001217a 4500
008
170919b xxu||||| |||| 00| 0 eng d
041
_a
eng
080
_a
78
100
_a
44
101
_a
ART
245
_a
THE STORY OF GREAT MUSIC THE ROMANTIC ERA
_c
VERDY.R
942
_2
udc
_c
BK
999
_c
28355
_d
28355